| 000 | 00668nam a22002057a 4500 | ||
|---|---|---|---|
| 003 | OSt | ||
| 005 | 20221109173836.0 | ||
| 008 | 150522b xxu||||| |||| 00| 0 eng d | ||
| 040 | _cBiblioteca Lado V | ||
| 082 |
_a750 _bI79c |
||
| 100 |
_9338 _aIshino, Akira _deditor |
||
| 245 |
_aCatalogo/ _bII Salón de Arte Cubano Contemporáneo/ |
||
| 260 |
_c1998 _aItalia |
||
| 300 |
_a173p. _c21x26cm |
||
| 650 |
_2Tesauro de Arte & Arquitectura _aARTE CONTEMPORANEO |
||
| 650 |
_2Tesauro de Arte & Arquitectura _aARTE CUBANO |
||
| 651 |
_2Tesauro de Arte & Arquitectura _aITALIA |
||
| 700 |
_aKlanten, Robert _eeditora |
||
| 942 |
_2ddc _c1 _h750 _iI79c _n0 |
||
| 999 |
_c2527 _d2527 |
||